| 000 | 01599cam a2200385 a 4500 | ||
|---|---|---|---|
| 999 |
_c174557 _d174557 |
||
| 001 | 1072789 | ||
| 003 | Nust | ||
| 005 | 20170131160952.0 | ||
| 008 | 910503r1991 nyua 000 1 eng | ||
| 010 | _a 91052995 | ||
| 020 | _a9780140623192 | ||
| 040 |
_aDLC _cDLC _dOCoLC _dDLC |
||
| 043 | _ae-uk-en | ||
| 050 | 0 | 0 |
_aPR4558 _b.A1 1991b |
| 082 | 0 | 0 |
_a823.8 _bDIC |
| 100 | 1 |
_aDickens, Charles, _d1812-1870. |
|
| 245 | 1 | 0 |
_aDavid Copperfield / _cCharles Dickens ; with the original illustrations by "Phiz" ; introduced by Michael Slater. |
| 260 |
_aNew York : _bKnopf : _bDistributed by Random House, _c1994. |
||
| 300 |
_a716 p. : _c22 cm. |
||
| 490 | 0 |
_aEveryman's library ; _v31 |
|
| 650 | 0 |
_aBoys _vFiction. |
|
| 650 | 0 |
_aOrphans _vFiction. |
|
| 650 | 0 |
_aYoung men _vFiction. |
|
| 650 | 0 |
_aStepfathers _vFiction. |
|
| 650 | 0 |
_aChild labor _vFiction. |
|
| 651 | 0 |
_aEngland _vFiction. |
|
| 655 | 7 |
_aAutobiographical fiction. _2gsafd |
|
| 655 | 7 |
_aBildungsromans. _2gsafd |
|
| 700 | 1 |
_aBrowne, Hablot Knight, _d1815-1882, _eillus. |
|
| 856 | 4 | 2 |
_3Publisher description _uhttp://www.loc.gov/catdir/description/random048/91052995.html |
| 856 | 4 | 2 |
_3Contributor biographical information _uhttp://www.loc.gov/catdir/enhancements/fy0703/91052995-b.html |
| 856 | 4 | 1 |
_3Sample text _uhttp://www.loc.gov/catdir/enhancements/fy0703/91052995-s.html |
| 906 |
_a7 _bcbc _corignew _d1 _eocip _f19 _gy-gencatlg |
||
| 942 |
_2ddc _cBK |
||